000 00627nam a2200181 i 4500
001 bg
100 1 _aJARECKA, Urszula
245 0 _aInstalacje i urządzenia sanitarne :
_bskrypt dla studentów wyższych szkół technicznych.
_nCz. 2,
_pInstalacje kanalizacyjne /
_cUrszula Jarecka ; Politechnika Krakowska im. Tadeusza Kościuszki.
260 _aKraków :
_bPK,
_c1992.
300 _a120 s. :
_brys.
_c24 cm.
504 _aBibliogr. s. 120.
710 _aPOLITECHNIKA KRAKOWSKA (Kraków)
040 _cBPK
041 _apol
080 _a696:628.1/.2](075.8)(076)
942 _cKS
008 s pl f |000 0 pol
999 _c5573
_d5573
856 _uhttp://koha.tu.koszalin.pl/cgi-bin/koha/opac-detail.pl?biblionumber=5573
_yKatalog online BPK